000 03949nab a2200253 i 4500
003 BR-BrBNA
005 20250319111432.0
008 250319b2015 bl.qr|pooa||| 00| 0 eng |
040 _aBR-BrBNA
_beng
072 _aF70
072 _aC30
100 _aCosta, Denise P.
100 _aPeralta, Denilson F.
245 _aBryophytes diversity in Brazil
500 _aPublicação on-line; 48 ref.; 2 tables; 9 illus.; Summaries (En, Pt)
520 _a Abstract The bryoflora of Brazil comprises 1,524 species, 117 families, and 413 genera (11 hornworts, 633 liverworts, and 880 mosses). The most diverse families of liverworts are: Lejeuneaceae (285 species), Lepidoziaceae (48), Frullaniaceae (37), Ricciaceae (36), Plagiochilaceae (27), Radulaceae and Metzgeriaceae (26 each), Lophocoleaceae (18), Aneuraceae (15), and Calypogeiaceae (13); while, for the mosses, we have: Sphagnaceae (83 species), Fissidentaceae (65) Pottiaceae (63), Dicranaceae (54), Bryaceae and Sematophyllaceae (53 each), Orthotrichaceae and Pilotrichaceae (51 each), Calymperaceae (48), and Hypnaceae (28). These large groups account for 71% of the Brazilian bryophyte species. Lejeuneaceae and Sphagnaceae are the families with highest number of endemic taxa (54 and 60 species). The Atlantic Rainforest presents the greatest number of species (1,337), followed by the Amazon Rainforest (570) and Cerrado (478). The highest number of endemic species (242) is associated with the Atlantic Rainforest, where the Dense Ombrophilous Forest concentrates 73% of the species with 62% endemism. The Southeastern region is the most diverse in number of species (1,228) and with more endemism (219). Most endangered species are restricted to the Atlantic Rainforest of southeastern Brazil, which is the diversity and endemism centre for mosses and liverworts. The information currently presented by the Brazilian List is close to the real bryophyte diversity found in the country. Key words: hornworts, liverworts, mosses, bryoflora, South America. Resumo A brioflora do Brasil conta com 1.524 espécies, 117 famílias e 413 gêneros (11 antóceros, 633 hepáticas e 880 mus- gos). As famílias mais diversas de hepáticas são: Lejeuneaceae (285 espécies), Lepidoziaceae (48), Frullaniaceae (37), Ricciaceae (36), Plagiochilaceae (27), Radulaceae e Metzgeriaceae (26 cada), Lophocoleaceae (18), Aneuraceae (15) e Calypogeiaceae (13); e de musgos são: Sphagnaceae (83), Fissidentaceae (65), Pottiaceae (63), Dicranaceae (54), Bryaceae e Sematophyllaceae (53 cada), Orthotrichaceae e Pilotrichaceae (51 cada), Calymperaceae (48) e Hypna- ceae (28), totalizando 71% das espécies de briófitas do país. Lejeuneaceae e Sphagnaceae são as famílias com maior número de endemismo (54 e 60 espécies). A Mata Atlântica apresenta o maior número de espécies (1.337), seguida pela Amazônia (570) e pelo Cerrado (478). Também apresenta o maior número de espécies endêmicas (242), com a Floresta Ombrófila Densa concentrando 73% dos táxons e 62% dos endemismos. A Região Sudeste é a mais diversa (1.228) e com maior endemismo (219). A maioria das espécies ameaçadas de extinção está restrita a Mata Atlântica do sudeste, que é um centro de diversidade e endemismo para musgos e hepáticas no país. As informações da Lista de Espécies da Flora do Brasil estão próximas da real diversidade de briófitas do país. Palavras-chave: antóceros, hepáticas, musgos, brioflora, América do Sul.
650 _aMUSGO
650 _aBRIÓFITA
650 _aAMÉRICA DO SUL
773 0 _0709
_9349166
_dRio de Janeiro-RJ Jardim Botanico do Rio de Janeiro 1935
_o2025-1685
_tRodriguésia (Brazil)
_x0370-6583; 2175-7860 on-line
_gv. 66(4) p. 1063-1071; (2015)
_wBR2025000252
856 _uhttps://www.scielo.br/j/rod/a/JQHM5B54nzVJsvHHS3KMDGS/?format=pdf&lang=en
942 _cANA
999 _c330519
_d330519